| 000 | 00487nam a22001817a 4500 | ||
|---|---|---|---|
| 999 |
_c3271 _d3228 |
||
| 008 | 170318b xxu||||| |||| 00| | tur d | ||
| 020 | _a9789750713019 | ||
| 041 | _atur | ||
| 050 | _aPL248.B475 | ||
| 100 |
_aBeşergil, Nurdan _91526 |
||
| 245 | _aBir Sonraki Dolunay | ||
| 250 | _a1. Baskı | ||
| 260 |
_aİstanbul: _bCan Yayınları, _cNisan 2011 |
||
| 300 | _a157 Sayfa | ||
| 500 | _aCan Yayınları: 1962 3 Adet mevcuttur. | ||
| 650 | 0 |
_9145 _aTürk Edebiyatı |
|
| 942 |
_2lcc _cBK |
||